| 000 | 01615cam a2200337 i 4500 | ||
|---|---|---|---|
| 001 | BRCA_9184 | ||
| 003 | FranzMayer | ||
| 005 | 20220809132327.0 | ||
| 008 | 220704b |||||||| |||| 00| 0 spa d | ||
| 020 | _a9788494962967 | ||
| 040 |
_bspa _cMFM |
||
| 041 | _aspa | ||
| 050 | 0 | 0 |
_aND1460.G37 _bS67 2018 |
| 245 | 0 | 0 |
_aSorolla : _bjardines / _cBlanca Pons-Sorolla, Mónica Rodríguez Subirana |
| 264 | 1 |
_aMadrid : _bEdiciones El Viso, _c2018 |
|
| 300 |
_a151 p. : _bil. y fot. ; _c25 x 29 cm |
||
| 336 |
_astill image _2rdacontent |
||
| 336 |
_atext _2rdacontent |
||
| 337 |
_aunmediated _2rdamedia |
||
| 338 |
_avolume _2rdacarrier |
||
| 500 | _aUbicación: L59-N5 | ||
| 500 | _aIncluye pintura de Museo Franz Mayer (55 p.) | ||
| 505 |
_tSorolla, pintor de jardines / _rBlanca Pons-Sorolla |
||
| 505 |
_tDe los primeros jardines a la independencia del jardín ; _tSevilla, el jardín como contrapunto a la arquitectura y la historia ; _tGranada: sierra nevada, los patios, los jardines ; _tJardines de la casa Sorolla: la pasión última del pintor / _rMónica Rodríguez Subirana |
||
| 520 | _aLas investigadoras Blanca Pons-Sorolla y Mónica Rodríguez Subirana exploran la fascinación de Sorolla por los jardines, al tiempo que sitúan las obras más importantes que realizara en este género en el contexto de su vida y carrera. - Proporcionado por el editor | ||
| 600 | 1 | 0 |
_aSorolla, Joaquín, _d1863-1923 _vCatálogos _92380 |
| 600 | 1 | 0 |
_aSorolla, Joaquín, _d1863-1923 _xPintura _928402 |
| 650 | 0 |
_aJardines _xArte _xPintura _zEspaña _928403 |
|
| 942 |
_2lcc _cB |
||
| 999 |
_c10803 _d10803 |
||